|
|
|
|
| LEADER |
01008cam a2200277 a 4500 |
| 008 |
841001s1983 ii c b 001 0 eng |
| 010 |
|
|
|a 83902142
|
| 020 |
|
|
|c Rs80.00
|
| 035 |
|
|
|a (CStRLIN)NYCG84-B64706
|
| 035 |
|
|
|a (NNC)259297
|
| 035 |
|
|
|a (OCoLC)10322795
|
| 035 |
|
|
|a (OCoLC)ocm10322795
|
| 082 |
0 |
|
|a 823.92 PRE/N
|2 19
|
| 090 |
|
|
|a PR9499.3.A5
|b Z83 1983
|
| 100 |
1 |
|
|a Paul, Premila.
|
| 245 |
1 |
4 |
|a The novels of Mulk Raj Anand :
|b a thematic study /
|c Premila Paul.
|
| 260 |
|
|
|a New Delhi :
|b Sterling,
|c c1983.
|
| 300 |
|
|
|a 183 p. :
|b port. ;
|c 23 cm.
|
| 500 |
|
|
|a Includes index.
|
| 500 |
|
|
|a Revision of the author's thesis (Ph. D.--Annamalai University)
|
| 504 |
|
|
|a Bibliography: p. [164]-179.
|
| 600 |
1 |
0 |
|a Anand, Mulk Raj,
|d 1905-2004
|x Criticism and interpretation.
|
| 900 |
|
|
|a AUTH
|
| 942 |
|
|
|2 ddc
|c BK
|
| 999 |
|
|
|c 193443
|d 193443
|
| 952 |
|
|
|0 0
|1 0
|4 0
|6 823_920000000000000_PRE_N
|7 0
|9 213548
|a ENG
|b ENG
|c ST1
|d 2016-06-06
|i 13396
|l 1
|o 823.92 PRE/N
|p ENG13396
|r 2018-07-24
|s 2018-07-17
|w 2016-06-06
|y BK
|